|
|
|
|
| LEADER |
00000nam0a2200000 4500 |
| 001 |
301440 |
| 005 |
20231102001412.0 |
| 010 |
|
|
|a 9785160093215
|
| 035 |
|
|
|a (RuTPU)RU\TPU\book\326612
|
| 090 |
|
|
|a 301440
|
| 100 |
|
|
|a 20150730d2015 m y0rusy50 ca
|
| 101 |
0 |
|
|a rus
|
| 102 |
|
|
|a RU
|
| 105 |
|
|
|a a j 001zy
|
| 200 |
1 |
|
|a Менеджмент
|e учебник для вузов
|f А. В. Тебекин
|
| 210 |
|
|
|a Москва
|c Инфра-М
|d 2015
|
| 215 |
|
|
|a 383 с.
|c ил.
|
| 225 |
1 |
|
|a Высшее образование. Бакалавриат
|
| 320 |
|
|
|a Библиогр.: с. 368-369.
|
| 330 |
|
|
|a Настоящий учебник полностью отвечает требованиям Государственного образовательного стандарта высшего профессионального образования третьего поколения. Изучив материалы, студент будет знать условия и факторы возникновения и развития менеджмента; основные этапы развития менеджмента как науки и профессии; основы общей теории управления. Он будет уметь пользоваться методологическими основами менеджмента; формировать его инфраструктуру; моделировать управленческие ситуации и разрабатывать рациональные управленческие решения.Студенты овладеют навыками регулирования и контроля в системе менеджмента; научатся использовать факторы эффективности менеджмента; мотивировать работников в организации. Они научатся управлять отдельным индивидом и группой, использовать свои лидерские качества.Для студентов бакалавриата, магистрантов, слушателей системы послевузовского образования, а также аспирантов, докторантов и профессиональных менеджеров.
|
| 606 |
1 |
|
|a Менеджмент
|2 stltpush
|3 (RuTPU)RU\TPU\subj\42098
|9 61850
|
| 610 |
1 |
|
|a управленческая мысль
|
| 610 |
1 |
|
|a теория
|
| 610 |
1 |
|
|a история
|
| 610 |
1 |
|
|a модели
|
| 610 |
1 |
|
|a японская модель
|
| 610 |
1 |
|
|a американская модель
|
| 610 |
1 |
|
|a Европейская модель
|
| 610 |
1 |
|
|a управление
|
| 610 |
1 |
|
|a перспективы
|
| 610 |
1 |
|
|a социально-экономические системы
|
| 610 |
1 |
|
|a методология
|
| 610 |
1 |
|
|a инфраструктура
|
| 610 |
1 |
|
|a этика
|
| 610 |
1 |
|
|a интеграционные процессы
|
| 610 |
1 |
|
|a стратегический менеджмент
|
| 610 |
1 |
|
|a регулирование
|
| 610 |
1 |
|
|a контроль
|
| 610 |
1 |
|
|a мотивация
|
| 610 |
1 |
|
|a лидерство
|
| 610 |
1 |
|
|a персональный менеджмент
|
| 610 |
1 |
|
|a власть
|
| 610 |
1 |
|
|a партнерство
|
| 610 |
1 |
|
|a конфликтность
|
| 610 |
1 |
|
|a организационная культура
|
| 610 |
1 |
|
|a организационные изменения
|
| 610 |
1 |
|
|a учебники
|
| 686 |
|
|
|a У9(2)212я73
|v LBC/SL-A
|2 rubbk
|
| 700 |
|
1 |
|a Тебекин
|b А. В.
|g Алексей Васильевич
|
| 801 |
|
1 |
|a RU
|b 63413507
|c 20150730
|
| 801 |
|
2 |
|a RU
|b 63413507
|c 20151029
|g RCR
|
| 900 |
|
|
|a Менеджмент
|
| 942 |
|
|
|c BK
|
| 951 |
|
|
|l 8.1
|
| 959 |
|
|
|a 92/20150730
|d 5
|e 529,90
|f ЧЗГЛ:1
|f УФ:4
|